000 01058nam a2200277Ia 4500
003 GCL
008 140319s9999 xx 000 0 ara d
020 _a5418901977
040 _aGCL /
_cGCL
082 0 4 _aق
_b071.962
_bن ت
100 1 _aنعمات احمد عتمان
245 1 0 _aتاريخ الصحافة السكندرية( 1873 - 1899 ) ( العدد 78 ) /
_cنعمات احمد عتمان
250 _aالاولى
260 _aالقاهرة :
_bالهيئة المصرية العامة للكتاب ،
_c1995
300 _a479 ص ؛
_c24 سم
490 _aتاريخ المصريين
_v78
650 0 4 _aالاحوال الاجتماعية
650 0 4 _aالاحوال السياسية
650 0 4 _aالصحافة المصرية
650 0 4 _aالصحافة العربية
650 0 4 _aالاحتلال البريطانى
650 0 4 _aالصحافة العراقية
650 0 4 _aمصر - تاريخ - العصر الحديث (1805 - 1956 )
650 0 4 _aالصحافة السكندرية - تاريخ
942 _2ddc
_cBK
999 _c37020
_d37020